000 00403nam a2200157 i 4500
001 bg
100 1 _aPiprek, Jan.
245 0 _aWielki słownik niemiecko-polski.
_nT. 1,
_pA-Z /
_cJan Piprek.
260 _aWarszawa,
_c1979.
650 9 _aSłownik niemiecko-polski
040 _cBPK
041 _apol
080 _a811.112.2::811.162.1]'374
942 _cKS
008 s pl f |000 0 pol
999 _c1353
_d1353